[Event "Irish International Open 2019"]
[Site "Dublin"]
[Date "2019.04.18"]
[Round "3.20"]
[White "Lundback, Anders"]
[Black "McMorrow, John"]
[Result "0-1"]
[WhiteElo "1806"]
[BlackElo "2058"]
[Annotator "NA"]
[PlyCount "156"]
[EventDate "2019.02.28"]
[EventType "swiss"]
[EventCountry "IRL"]
[SourceTitle "playchess.com"]
[Source "ChessBase"]
[SourceQuality "1"]
[TimeControl "5400+30"]

1. d4 {[%emt 0:00:00]} d5 {[%emt 0:00:57]} 2. c4 {[%emt 0:02:12]} e6 {[%emt 0:00:04]} 3. Nf3 {[%emt 0:00:09]} Nf6 {[%emt 0:00:04]} 4. Nc3 {[%emt 0:00:28]} Be7 {[%emt 0:00:07]} 5. Bg5 {[%emt 0:01:19]} Nbd7 {[%emt 0:00:22]} 6. e3 {[%emt 0:00:17]} h6 {[%emt 0:00:41]} 7. Bh4 {[%emt 0:00:06]} O-O {[%emt 0:00:07]} 8. Rc1 {[%emt 0:00:41]} b6 {[%emt 0:01:32]} 9. cxd5 {[%emt 0:04:03]} exd5 {[%emt 0:01:00]} 10. Bd3 {[%emt 0:02:20]} Bb7 {[%emt 0:01:15]} 11. O-O {[%emt 0:00:23]} c5 {[%emt 0:15:07]} 12. Bb1 {[%emt 0:02:55]} Re8 {[%emt 0:04:57]} 13. Qd3 {[%emt 0:04:15]} Ne4 {[%emt 0:06:31]} 14. Bg3 {[%emt 0:08:49]} Ndf6 {[%emt 0:07:05]} 15. Ne5 {[%emt 0:04:27]} Bd6 {[%emt 0:11:04]} 16. Nxe4 {[%emt 0:17:39]} dxe4 {[%emt 0:02:45]} 17. Qe2 {[%emt 0:02:39]} g6 {[%emt 0:05:56]} 18. a3 {[%emt 0:03:57]} Bd5 {[%emt 0:06:59]} 19. Rfd1 {[%emt 0:05:41]} Qe7 {[%emt 0:08:27]} 20. h3 {[%emt 0:03:12]} Kg7 {[%emt 0:05:32]} 21. Rd2 {[%emt 0:08:02]} Rac8 {[%emt 0:05:19]} 22. Rdc2 {[%emt 0:07:02]} Nh7 {[%emt 0:03:54]} 23. b4 {[%emt 0:04:18]} f6 {[%emt 0:01:32]} 24. bxc5 {[%emt 0:04:03]} bxc5 {[%emt 0:00:51]} 25. Ng4 {[%emt 0:02:12]} Bxg3 {[%emt 0:01:09]} 26. fxg3 {[%emt 0:00:12]} c4 {[%emt 0:02:59]} 27. Rc3 {[%emt 0:02:07]} Qc7 {[%emt 0:01:33]} 28. Ba2 {[%emt 0:03:43]} Qxg3 {[%emt 0:01:15]} 29. Bxc4 {[%emt 0:01:04]} Bxc4 {[%emt 0:01:04]} 30. Rxc4 {[%emt 0:00:02]} Rxc4 {[%emt 0:00:28]} 31. Qxc4 {[%emt 0:00:49]} Re7 {[%emt 0:01:07]} 32. Qc5 {[%emt 0:01:03]} Rf7 {[%emt 0:00:21]} 33. d5 {[%emt 0:00:21]} Ng5 {[%emt 0:00:28]} 34. Kh1 {[%emt 0:00:53]} h5 {[%emt 0:01:24]} 35. Nh2 {[%emt 0:00:09]} Rd7 {[%emt 0:00:38]} 36. Rd1 {[%emt 0:01:34]} Nf7 {[%emt 0:01:07]} 37. Nf1 {[%emt 0:00:52]} Qe5 {[%emt 0:00:24]} 38. Qc6 {[%emt 0:01:00]} Rd6 {[%emt 0:00:32]} 39. Qb7 {[%emt 0:01:13]} a6 {[%emt 0:00:35]} 40. Rd4 {[%emt 0:01:27]} Qg5 {[%emt 0:01:53]} 41. Qb3 {[%emt 0:00:59]} h4 {[%emt 0:00:40]} 42. Nd2 {[%emt 0:00:38]} f5 {[%emt 0:00:21]} 43. Nc4 {[%emt 0:00:21]} Rd7 {[%emt 0:00:33]} 44. Qc3 {[%emt 0:00:50]} Qf6 {[%emt 0:00:26]} 45. Qd2 {[%emt 0:00:50]} Ne5 {[%emt 0:00:33]} 46. Nxe5 {[%emt 0:00:25]} Qxe5 {[%emt 0:00:03]} 47. d6 {[%emt 0:00:20]} Qc5 {[%emt 0:00:52]} 48. Rd5 {[%emt 0:01:04]} Qxa3 {[%emt 0:00:49]} 49. Qd4+ {[%emt 0:00:01]} Kf7 {[%emt 0:00:22]} 50. Qh8 {[%emt 0:00:21]} Qc1+ {[%emt 0:00:38]} 51. Kh2 {[%emt 0:00:03]} Qxe3 {[%emt 0:00:17]} 52. Qxh4 {[%emt 0:00:53]} Ke6 {[%emt 0:00:26]} 53. Rd1 {[%emt 0:00:44]} Rxd6 {[%emt 0:00:44]} 54. Rxd6+ {[%emt 0:01:08]} Kxd6 {[%emt 0:00:02]} 55. Qf6+ {[%emt 0:00:06]} Kd5 {[%emt 0:00:40]} 56. Qxg6 {[%emt 0:00:33]} Qf4+ {[%emt 0:00:22]} 57. Kh1 {[%emt 0:00:24]} Qf1+ {[%emt 0:00:11]} 58. Kh2 {[%emt 0:00:01]} e3 {[%emt 0:00:25]} 59. Qf7+ {[%emt 0:00:45]} Kd4 {[%emt 0:00:19]} 60. Qd7+ {[%emt 0:00:28]} Kc3 {[%emt 0:00:11]} 61. Qc7+ {[%emt 0:00:47]} Qc4 {[%emt 0:01:31]} 62. Qa5+ {[%emt 0:00:42]} Qb4 {[%emt 0:00:27]} 63. Qe5+ {[%emt 0:00:24]} Kd2 {[%emt 0:00:12]} 64. Qd5+ {[%emt 0:00:10]} Kc1 {[%emt 0:00:35]} 65. Qc6+ {[%emt 0:00:27]} Kd1 {[%emt 0:00:11]} 66. Qd5+ {[%emt 0:00:16]} Kc1 {[%emt 0:01:15]} 67. Qc6+ {[%emt 0:00:14]} Kb2 {[%emt 0:00:32]} 68. Qf6+ {[%emt 0:00:43]} Qc3 {[%emt 0:00:12]} 69. Qb6+ {[%emt 0:00:26]} Kc2 {[%emt 0:00:49]} 70. Qxa6 {[%emt 0:01:11]} Qe5+ {[%emt 0:00:18]} 71. Kh1 {[%emt 0:00:57]} e2 {[%emt 0:00:01]} 72. Qa2+ {[%emt 0:00:29]} Kc1 {[%emt 0:00:45]} 73. Qc4+ {[%emt 0:00:36]} Kd2 {[%emt 0:00:22]} 74. Qa2+ {[%emt 0:00:29]} Ke1 {[%emt 0:00:19]} 75. Kg1 {[%emt 0:00:36]} Qe3+ {[%emt 0:00:32]} 76. Kh2 {[%emt 0:00:22]} Kf1 {[%emt 0:00:29]} 77. Qc4 {[%emt 0:00:22]} Qe4 {[%emt 0:00:57]} 78. Qb5 {[%emt 0:00:39]} Qxg2# {[%emt 0:01:34]} 0-1

[Event "Irish International Open 2019"]
[Site "Dublin"]
[Date "2019.04.18"]
[Round "3.21"]
[White "Doyle, Hugh"]
[Black "Larter, Nick J."]
[Result "1-0"]
[WhiteElo "2042"]
[BlackElo "1830"]
[Annotator "NA"]
[PlyCount "75"]
[EventDate "2019.02.28"]
[EventType "swiss"]
[EventCountry "IRL"]
[SourceTitle "playchess.com"]
[Source "ChessBase"]
[SourceQuality "1"]
[TimeControl "5400+30"]

1. Nf3 {[%emt 1:30:30]} b6 {[%emt 1:30:30]} 2. g3 {[%emt 0:00:30]} Bb7 {[%emt 0:00:30]} 3. Bg2 {[%emt 0:00:30]} e5 {[%emt 0:00:30]} 4. d3 {[%emt 0:00:30]} f5 {[%emt 0:00:30]} 5. e4 {[%emt 0:00:30]} d6 {[%emt 0:00:30]} 6. exf5 {[%emt 0:00:30]} Nf6 {[%emt 0:00:30]} 7. O-O {[%emt 0:00:30]} Qd7 {[%emt 0:00:30]} 8. Nxe5 {[%emt 0:00:30]} Qc8 {[%emt 0:00:30]} 9. Bxb7 {[%emt 0:00:30]} Qxb7 {[%emt 0:00:30]} 10. Ng4 {[%emt 0:00:30]} Nbd7 {[%emt 0:00:30]} 11. Re1+ {[%emt 0:00:30]} Be7 {[%emt 0:00:30]} 12. Qe2 {[%emt 0:00:30]} O-O-O {[%emt 0:00:30]} 13. Nd2 {[%emt 0:00:30]} Nxg4 {[%emt 0:00:30]} 14. Qxg4 {[%emt 0:00:30]} Ne5 {[%emt 0:00:30]} 15. Rxe5 {[%emt 0:00:30]} Bf6 {[%emt 0:00:30]} 16. Re6 {[%emt 0:00:30]} h5 {[%emt 0:00:30]} 17. Qf3 {[%emt 0:00:30]} h4 {[%emt 0:00:30]} 18. Qxb7+ {[%emt 0:00:30]} Kxb7 {[%emt 0:00:30]} 19. Nf3 {[%emt 0:00:30]} hxg3 {[%emt 0:00:30]} 20. fxg3 {[%emt 0:00:30]} Rh5 {[%emt 0:00:30]} 21. g4 {[%emt 0:00:30]} Rh3 {[%emt 0:00:30]} 22. Kg2 {[%emt 0:00:30]} Rdh8 {[%emt 0:00:30]} 23. Rxf6 {[%emt 0:00:30]} gxf6 {[%emt 0:00:30]} 24. Bf4 {[%emt 0:00:30]} R3h7 {[%emt 0:00:30]} 25. Re1 {[%emt 0:00:30]} Rg7 {[%emt 0:00:30]} 26. h3 {[%emt 0:00:30]} Rhh7 {[%emt 0:00:30]} 27. Re6 {[%emt 0:00:30]} Re7 {[%emt 0:00:30]} 28. Nd4 {[%emt 0:00:30]} Ref7 {[%emt 0:00:30]} 29. Re8 {[%emt 0:00:30]} Rh4 {[%emt 0:00:30]} 30. Bg3 {[%emt 0:00:30]} Rh6 {[%emt 0:00:30]} 31. h4 {[%emt 0:00:30]} Rg7 {[%emt 0:00:30]} 32. Kf3 {[%emt 0:00:30]} Rhh7 {[%emt 0:00:30]} 33. h5 {[%emt 0:00:30]} Rf7 {[%emt 0:00:30]} 34. b4 {[%emt 0:00:30]} a6 {[%emt 0:00:30]} 35. a4 {[%emt 0:00:30]} c5 {[%emt 0:00:30]} 36. Ne6 {[%emt 0:00:30]} Rd7 {[%emt 0:00:30]} 37. b5 {[%emt 0:00:30]} Rhe7 {[%emt 0:00:30]} 38. Rf8 {[%emt 0:00:30]} 1-0

[Event "Irish International Open 2019"]
[Site "Dublin"]
[Date "2019.04.18"]
[Round "3.22"]
[White "Opseth, Oliver"]
[Black "Kersten, Julian"]
[Result "1-0"]
[WhiteElo "1739"]
[BlackElo "1996"]
[Annotator "NA"]
[PlyCount "69"]
[EventDate "2019.02.28"]
[EventType "swiss"]
[EventCountry "IRL"]
[SourceTitle "playchess.com"]
[Source "ChessBase"]
[SourceQuality "1"]
[TimeControl "5400+30"]

1. d4 {[%emt 0:00:00]} Nf6 {[%emt 0:01:48]} 2. Bf4 {[%emt 0:00:00]} g6 {[%emt 0:00:30]} 3. e3 {[%emt 0:00:00]} Bg7 {[%emt 0:00:24]} 4. Bd3 {[%emt 0:01:14]} c5 {[%emt 0:00:58]} 5. c3 {[%emt 0:00:42]} O-O {[%emt 0:02:31]} 6. Nf3 {[%emt 0:03:38]} d5 {[%emt 0:02:20]} 7. O-O {[%emt 0:01:10]} b6 {[%emt 0:02:53]} 8. Nbd2 {[%emt 0:03:52]} Bb7 {[%emt 0:00:34]} 9. Qe2 {[%emt 0:02:02]} Nbd7 {[%emt 0:05:55]} 10. Rfe1 {[%emt 0:04:52]} h6 {[%emt 0:02:22]} 11. Rad1 {[%emt 0:06:26]} Nh5 {[%emt 0:07:43]} 12. Ne5 {[%emt 0:04:46]} Nxe5 {[%emt 0:02:26]} 13. Bxe5 {[%emt 0:00:35]} Bxe5 {[%emt 0:03:35]} 14. dxe5 {[%emt 0:00:04]} Ng7 {[%emt 0:03:08]} 15. c4 {[%emt 0:05:55]} Qc7 {[%emt 0:11:42]} 16. f4 {[%emt 0:02:35]} Rad8 {[%emt 0:01:13]} 17. Qg4 {[%emt 0:04:41]} Bc8 {[%emt 0:03:45]} 18. Qg3 {[%emt 0:01:07]} Nf5 {[%emt 0:03:00]} 19. Bxf5 {[%emt 0:01:33]} Bxf5 {[%emt 0:00:03]} 20. cxd5 {[%emt 0:00:26]} Rxd5 {[%emt 0:05:58]} 21. e4 {[%emt 0:01:26]} Bxe4 {[%emt 0:00:12]} 22. Nxe4 {[%emt 0:00:45]} Rxd1 {[%emt 0:00:42]} 23. Rxd1 {[%emt 0:00:03]} Qc6 {[%emt 0:00:24]} 24. Qf3 {[%emt 0:01:10]} Qa4 {[%emt 0:00:26]} 25. Nc3 {[%emt 0:02:12]} Qb4 {[%emt 0:00:46]} 26. Nd5 {[%emt 0:00:18]} Qxb2 {[%emt 0:00:30]} 27. Nxe7+ {[%emt 0:00:08]} Kg7 {[%emt 0:01:54]} 28. Qc6 {[%emt 0:01:31]} Qe2 {[%emt 0:07:33]} 29. Qf6+ {[%emt 0:00:08]} Kh7 {[%emt 0:00:08]} 30. Rf1 {[%emt 0:00:13]} Qe3+ {[%emt 0:02:51]} 31. Kh1 {[%emt 0:00:09]} Qd3 {[%emt 0:01:44]} 32. Rg1 {[%emt 0:00:20]} Qd8 {[%emt 0:01:22]} 33. e6 {[%emt 0:04:12]} Qd6 {[%emt 0:03:37]} 34. f5 {[%emt 0:00:11]} g5 {[%emt 0:00:55]} 35. Ng6 {[%emt 0:02:58]} 1-0

[Event "Irish International Open 2019"]
[Site "Dublin"]
[Date "2019.04.18"]
[Round "3.23"]
[White "Reprun, Nadejda"]
[Black "Boyle, Bernard"]
[Result "1/2-1/2"]
[WhiteElo "1995"]
[BlackElo "1799"]
[Annotator "NA"]
[PlyCount "35"]
[EventDate "2019.02.28"]
[EventType "swiss"]
[EventCountry "IRL"]
[SourceTitle "playchess.com"]
[Source "ChessBase"]
[SourceQuality "1"]
[TimeControl "5400+30"]

1. e4 {[%emt 0:00:00]} e6 {[%emt 0:00:00]} 2. d4 {[%emt 0:00:00]} d5 {[%emt 0:00:00]} 3. Nd2 {[%emt 0:00:00]} Nf6 {[%emt 0:00:52]} 4. e5 {[%emt 0:00:00]} Ne4 {[%emt 0:00:33]} 5. Nxe4 {[%emt 0:07:07]} dxe4 {[%emt 0:00:06]} 6. Be3 {[%emt 0:00:20]} c5 {[%emt 0:00:45]} 7. dxc5 {[%emt 0:04:45]} Nd7 {[%emt 0:01:41]} 8. c3 {[%emt 0:08:44]} Qc7 {[%emt 0:16:36]} 9. Qa4 {[%emt 0:03:08]} Bxc5 {[%emt 0:02:03]} 10. Qxe4 {[%emt 0:03:20]} Bxe3 {[%emt 0:00:48]} 11. Qxe3 {[%emt 0:00:07]} Qxe5 {[%emt 0:01:28]} 12. Qxe5 {[%emt 0:00:14]} Nxe5 {[%emt 0:00:06]} 13. Bb5+ {[%emt 0:01:13]} Bd7 {[%emt 0:00:32]} 14. Bxd7+ {[%emt 0:00:22]} Kxd7 {[%emt 0:00:45]} 15. O-O-O+ {[%emt 0:05:55]} Kc6 {[%emt 0:00:42]} 16. Ne2 {[%emt 0:03:05]} Rad8 {[%emt 0:00:51]} 17. Nd4+ {[%emt 0:02:37]} Kb6 {[%emt 0:02:21]} 18. Rhe1 {[%emt 0:04:39]} 1/2-1/2

[Event "Irish International Open 2019"]
[Site "Dublin"]
[Date "2019.04.18"]
[Round "3.24"]
[White "Phelan, Leo"]
[Black "Fox, Anthony"]
[Result "1/2-1/2"]
[WhiteElo "1708"]
[BlackElo "2031"]
[Annotator "NA"]
[PlyCount "134"]
[EventDate "2019.02.28"]
[EventType "swiss"]
[EventCountry "IRL"]
[SourceTitle "playchess.com"]
[Source "ChessBase"]
[SourceQuality "1"]
[TimeControl "5400+30"]

1. e4 {[%emt 0:00:00]} e5 {[%emt 0:00:00]} 2. Nf3 {[%emt 0:00:00]} Nc6 {[%emt 0:00:00]} 3. Bc4 {[%emt 0:00:00]} Nf6 {[%emt 0:00:12]} 4. d3 {[%emt 0:00:00]} Be7 {[%emt 0:00:16]} 5. O-O {[%emt 0:00:00]} O-O {[%emt 0:00:16]} 6. Re1 {[%emt 0:00:00]} d6 {[%emt 0:00:15]} 7. a4 {[%emt 0:00:00]} Be6 {[%emt 0:01:07]} 8. Nbd2 {[%emt 0:01:30]} Qd7 {[%emt 0:01:19]} 9. h3 {[%emt 0:04:34]} Rfe8 {[%emt 0:04:45]} 10. Ng5 {[%emt 0:02:36]} Bxc4 {[%emt 0:05:57]} 11. Nxc4 {[%emt 0:00:27]} h6 {[%emt 0:02:44]} 12. Nf3 {[%emt 0:00:08]} Bf8 {[%emt 0:00:47]} 13. Nh2 {[%emt 0:05:53]} Rad8 {[%emt 0:07:30]} 14. Ng4 {[%emt 0:10:14]} Nxg4 {[%emt 0:00:33]} 15. Qxg4 {[%emt 0:00:18]} Qxg4 {[%emt 0:01:31]} 16. hxg4 {[%emt 0:00:08]} Nd4 {[%emt 0:01:33]} 17. Ne3 {[%emt 0:00:16]} c6 {[%emt 0:00:30]} 18. Bd2 {[%emt 0:06:06]} g6 {[%emt 0:04:04]} 19. Rab1 {[%emt 0:05:42]} Bg7 {[%emt 0:03:06]} 20. b4 {[%emt 0:03:16]} d5 {[%emt 0:01:15]} 21. Bc3 {[%emt 0:02:49]} Ne6 {[%emt 0:00:49]} 22. Bb2 {[%emt 0:03:26]} a6 {[%emt 0:06:27]} 23. Rbd1 {[%emt 0:05:10]} b5 {[%emt 0:00:58]} 24. Ra1 {[%emt 0:05:36]} d4 {[%emt 0:06:24]} 25. Nf1 {[%emt 0:01:27]} Rb8 {[%emt 0:02:05]} 26. axb5 {[%emt 0:01:34]} axb5 {[%emt 0:00:10]} 27. Nd2 {[%emt 0:05:26]} c5 {[%emt 0:00:44]} 28. Ba3 {[%emt 0:00:56]} Rec8 {[%emt 0:00:50]} 29. Ra2 {[%emt 0:01:37]} c4 {[%emt 0:00:17]} 30. dxc4 {[%emt 0:01:55]} bxc4 {[%emt 0:00:09]} 31. Rb1 {[%emt 0:00:50]} Rb5 {[%emt 0:05:37]} 32. Bc1 {[%emt 0:03:31]} c3 {[%emt 0:03:53]} 33. Nf1 {[%emt 0:02:37]} Rcb8 {[%emt 0:00:24]} 34. Ba3 {[%emt 0:01:45]} Nd8 {[%emt 0:02:01]} 35. Nh2 {[%emt 0:01:01]} Nc6 {[%emt 0:00:13]} 36. Nf3 {[%emt 0:00:14]} Nxb4 {[%emt 0:03:13]} 37. Bxb4 {[%emt 0:00:12]} Rxb4 {[%emt 0:00:07]} 38. Rxb4 {[%emt 0:00:04]} Rxb4 {[%emt 0:00:06]} 39. Ne1 {[%emt 0:00:35]} Rb1 {[%emt 0:01:09]} 40. Kf1 {[%emt 0:00:06]} Bf6 {[%emt 0:05:22]} 41. Ke2 {[%emt 0:00:25]} Kg7 {[%emt 0:00:52]} 42. Nd3 {[%emt 0:00:18]} Rb5 {[%emt 0:00:53]} 43. Ra7 {[%emt 0:01:10]} Bg5 {[%emt 0:04:28]} 44. Ra1 {[%emt 0:01:22]} Be7 {[%emt 0:01:01]} 45. Kf3 {[%emt 0:02:59]} Bd6 {[%emt 0:01:31]} 46. Ke2 {[%emt 0:01:54]} Bc7 {[%emt 0:01:53]} 47. Ra7 {[%emt 0:03:08]} Bd6 {[%emt 0:00:39]} 48. Ra1 {[%emt 0:00:11]} Rb6 {[%emt 0:00:20]} 49. Kf3 {[%emt 0:01:50]} Kf6 {[%emt 0:00:31]} 50. Ra7 {[%emt 0:01:23]} Ke6 {[%emt 0:00:32]} 51. Ke2 {[%emt 0:01:56]} Rc6 {[%emt 0:02:28]} 52. Ra5 {[%emt 0:00:44]} Rb6 {[%emt 0:01:00]} 53. Kd1 {[%emt 0:00:52]} Rb1+ {[%emt 0:04:46]} 54. Ke2 {[%emt 0:00:13]} Rb6 {[%emt 0:02:07]} 55. Kd1 {[%emt 0:00:25]} f6 {[%emt 0:00:59]} 56. Ke2 {[%emt 0:01:21]} Rb7 {[%emt 0:00:13]} 57. Ra6 {[%emt 0:00:46]} Ke7 {[%emt 0:00:19]} 58. Kd1 {[%emt 0:00:43]} Rc7 {[%emt 0:00:47]} 59. Ke2 {[%emt 0:00:42]} Rd7 {[%emt 0:00:10]} 60. Ra8 {[%emt 0:00:37]} Kf7 {[%emt 0:01:19]} 61. Ra6 {[%emt 0:00:11]} Kg7 {[%emt 0:00:28]} 62. Kf3 {[%emt 0:00:52]} h5 {[%emt 0:02:13]} 63. gxh5 {[%emt 0:00:41]} gxh5 {[%emt 0:00:04]} 64. Ra5 {[%emt 0:00:59]} Rb7 {[%emt 0:00:43]} 65. Ra6 {[%emt 0:00:49]} Be7 {[%emt 0:00:24]} 66. Ra1 {[%emt 0:00:11]} Kg6 {[%emt 0:00:11]} 67. Ra8 {[%emt 0:00:35]} Kg7 {[%emt 0:00:45]} 1/2-1/2

[Event "Irish International Open 2019"]
[Site "Dublin"]
[Date "2019.04.18"]
[Round "3.25"]
[White "Flynn, Jacob"]
[Black "Jocius, Donatas"]
[Result "0-1"]
[WhiteElo "2011"]
[BlackElo "1773"]
[Annotator "NA"]
[PlyCount "154"]
[EventDate "2019.02.28"]
[EventType "swiss"]
[EventCountry "IRL"]
[SourceTitle "playchess.com"]
[Source "ChessBase"]
[SourceQuality "1"]
[TimeControl "5400+30"]

1. d4 {[%emt 0:00:00]} c6 {[%emt 0:00:00]} 2. c4 {[%emt 0:02:56]} Nf6 {[%emt 0:00:05]} 3. Nc3 {[%emt 0:00:14]} d5 {[%emt 0:00:14]} 4. Nf3 {[%emt 0:00:04]} g6 {[%emt 0:04:25]} 5. cxd5 {[%emt 0:01:09]} cxd5 {[%emt 0:00:36]} 6. Bf4 {[%emt 0:00:04]} a6 {[%emt 0:00:44]} 7. e3 {[%emt 0:01:33]} Bg7 {[%emt 0:01:29]} 8. h3 {[%emt 0:01:15]} O-O {[%emt 0:01:34]} 9. Be2 {[%emt 0:02:01]} Qb6 {[%emt 0:00:56]} 10. a3 {[%emt 0:01:44]} Bd7 {[%emt 0:02:10]} 11. b4 {[%emt 0:08:04]} Rc8 {[%emt 0:01:50]} 12. Qb3 {[%emt 0:09:23]} Qc6 {[%emt 0:08:05]} 13. Rc1 {[%emt 0:04:19]} Ne4 {[%emt 0:01:12]} 14. Na2 {[%emt 0:00:58]} Qe6 {[%emt 0:00:50]} 15. Rxc8+ {[%emt 0:03:42]} Bxc8 {[%emt 0:00:09]} 16. Ne5 {[%emt 0:08:49]} Nd7 {[%emt 0:04:47]} 17. Nd3 {[%emt 0:06:52]} b6 {[%emt 0:01:07]} 18. Nc3 {[%emt 0:10:36]} Nxc3 {[%emt 0:01:57]} 19. Qxc3 {[%emt 0:00:01]} Bb7 {[%emt 0:00:35]} 20. O-O {[%emt 0:02:29]} Rc8 {[%emt 0:00:44]} 21. Qb2 {[%emt 0:01:23]} Nf6 {[%emt 0:03:04]} 22. Rc1 {[%emt 0:06:54]} Ne4 {[%emt 0:02:57]} 23. Ne5 {[%emt 0:00:39]} Rxc1+ {[%emt 0:02:41]} 24. Qxc1 {[%emt 0:00:01]} Qc8 {[%emt 0:00:47]} 25. Qxc8+ {[%emt 0:00:32]} Bxc8 {[%emt 0:00:03]} 26. f3 {[%emt 0:04:24]} Bxe5 {[%emt 0:02:05]} 27. Bxe5 {[%emt 0:00:34]} Nc3 {[%emt 0:00:29]} 28. Bd3 {[%emt 0:00:46]} f6 {[%emt 0:00:51]} 29. Bg3 {[%emt 0:01:23]} b5 {[%emt 0:01:37]} 30. Kf2 {[%emt 0:01:21]} Bf5 {[%emt 0:01:51]} 31. Bf1 {[%emt 0:08:31]} Bc2 {[%emt 0:01:41]} 32. Ke1 {[%emt 0:01:35]} Nb1 {[%emt 0:00:10]} 33. Be2 {[%emt 0:02:29]} Nxa3 {[%emt 0:01:04]} 34. Kd2 {[%emt 0:00:01]} Bf5 {[%emt 0:00:46]} 35. Kc3 {[%emt 0:02:13]} Nb1+ {[%emt 0:01:54]} 36. Kb2 {[%emt 0:00:07]} Nd2 {[%emt 0:00:23]} 37. Be1 {[%emt 0:00:20]} Nc4+ {[%emt 0:00:48]} 38. Bxc4 {[%emt 0:00:07]} bxc4 {[%emt 0:00:57]} 39. g4 {[%emt 0:02:09]} Bd3 {[%emt 0:00:47]} 40. Ka3 {[%emt 0:01:36]} Bc2 {[%emt 0:00:11]} 41. b5 {[%emt 0:00:15]} axb5 {[%emt 0:00:14]} 42. Kb4 {[%emt 0:00:00]} Bd1 {[%emt 0:03:37]} 43. f4 {[%emt 0:02:23]} g5 {[%emt 0:01:28]} 44. Kxb5 {[%emt 0:05:06]} Bf3 {[%emt 0:00:52]} 45. Kc6 {[%emt 0:00:52]} Kf7 {[%emt 0:00:48]} 46. h4 {[%emt 0:00:08]} gxh4 {[%emt 0:00:53]} 47. Bxh4 {[%emt 0:00:01]} c3 {[%emt 0:00:28]} 48. Be1 {[%emt 0:00:01]} c2 {[%emt 0:00:09]} 49. Bd2 {[%emt 0:00:00]} e6 {[%emt 0:00:42]} 50. g5 {[%emt 0:00:30]} fxg5 {[%emt 0:00:36]} 51. fxg5 {[%emt 0:00:01]} Kg6 {[%emt 0:01:00]} 52. e4 {[%emt 0:00:15]} Bxe4 {[%emt 0:00:37]} 53. Kc5 {[%emt 0:01:23]} Kf5 {[%emt 0:00:18]} 54. Kb4 {[%emt 0:00:18]} Kg4 {[%emt 0:00:30]} 55. Kc3 {[%emt 0:00:09]} Kf3 {[%emt 0:00:22]} 56. Kb2 {[%emt 0:01:11]} Bd3 {[%emt 0:00:59]} 57. Kc1 {[%emt 0:01:19]} Ke4 {[%emt 0:00:46]} 58. Bc3 {[%emt 0:00:00]} Kf5 {[%emt 0:02:03]} 59. Bd2 {[%emt 0:00:02]} Kg4 {[%emt 0:01:48]} 60. Be3 {[%emt 0:00:15]} Bf5 {[%emt 0:01:04]} 61. Kd2 {[%emt 0:00:44]} Kf3 {[%emt 0:00:30]} 62. Bg1 {[%emt 0:00:11]} Ke4 {[%emt 0:01:20]} 63. Bf2 {[%emt 0:00:46]} Kf3 {[%emt 0:00:18]} 64. Bg1 {[%emt 0:00:09]} Bd3 {[%emt 0:01:13]} 65. Kc1 {[%emt 0:01:00]} Kf4 {[%emt 0:00:22]} 66. Kd2 {[%emt 0:00:12]} c1=Q+ {[%emt 0:00:54]} 67. Kxc1 {[%emt 0:00:01]} Kxg5 {[%emt 0:00:11]} 68. Kd2 {[%emt 0:00:25]} Be4 {[%emt 0:00:53]} 69. Ke2 {[%emt 0:01:17]} Kf5 {[%emt 0:00:12]} 70. Kf2 {[%emt 0:00:29]} e5 {[%emt 0:00:16]} 71. Kg3 {[%emt 0:00:43]} h5 {[%emt 0:00:27]} 72. Kh4 {[%emt 0:00:37]} Bf3 {[%emt 0:01:15]} 73. Kg3 {[%emt 0:00:24]} Bd1 {[%emt 0:00:32]} 74. dxe5 {[%emt 0:01:45]} Kxe5 {[%emt 0:00:07]} 75. Kf2 {[%emt 0:00:11]} Ke4 {[%emt 0:00:18]} 76. Ke1 {[%emt 0:00:21]} Ba4 {[%emt 0:00:24]} 77. Ke2 {[%emt 0:00:38]} h4 {[%emt 0:41:29]} 0-1

[Event "Irish International Open 2019"]
[Site "Dublin"]
[Date "2019.04.18"]
[Round "3.26"]
[White "Farrelly, Eoin"]
[Black "Mulligan, Scott"]
[Result "1/2-1/2"]
[WhiteElo "1644"]
[BlackElo "2006"]
[Annotator "NA"]
[PlyCount "102"]
[EventDate "2019.02.28"]
[EventType "swiss"]
[EventCountry "IRL"]
[SourceTitle "playchess.com"]
[Source "ChessBase"]
[SourceQuality "1"]
[TimeControl "5400+30"]

1. d4 {[%emt 0:00:00]} Nf6 {[%emt 0:00:00]} 2. c4 {[%emt 0:00:00]} g6 {[%emt 0:00:00]} 3. Nc3 {[%emt 0:00:00]} Bg7 {[%emt 0:00:30]} 4. e4 {[%emt 0:00:28]} O-O {[%emt 0:00:05]} 5. Be3 {[%emt 0:02:14]} d6 {[%emt 0:00:04]} 6. f3 {[%emt 0:00:49]} Nbd7 {[%emt 0:06:17]} 7. Nh3 {[%emt 0:03:15]} c6 {[%emt 0:03:31]} 8. Be2 {[%emt 0:05:39]} a6 {[%emt 0:06:08]} 9. a4 {[%emt 0:00:22]} Rb8 {[%emt 0:11:26]} 10. O-O {[%emt 0:00:52]} e5 {[%emt 0:01:54]} 11. d5 {[%emt 0:00:38]} c5 {[%emt 0:00:39]} 12. Qd2 {[%emt 0:05:18]} Ne8 {[%emt 0:07:48]} 13. Rfb1 {[%emt 0:08:58]} a5 {[%emt 0:10:34]} 14. Nb5 {[%emt 0:04:33]} Ra8 {[%emt 0:12:12]} 15. Rf1 {[%emt 0:03:04]} Ndf6 {[%emt 0:03:21]} 16. Nf2 {[%emt 0:01:17]} Nc7 {[%emt 0:02:05]} 17. Bg5 {[%emt 0:08:46]} Nxb5 {[%emt 0:03:26]} 18. axb5 {[%emt 0:00:10]} Qc7 {[%emt 0:00:03]} 19. Qe3 {[%emt 0:04:29]} Kh8 {[%emt 0:02:15]} 20. Ng4 {[%emt 0:00:57]} Ng8 {[%emt 0:05:16]} 21. h3 {[%emt 0:10:28]} f6 {[%emt 0:04:32]} 22. Bh4 {[%emt 0:00:52]} h5 {[%emt 0:02:26]} 23. Nh2 {[%emt 0:00:49]} Bh6 {[%emt 0:01:05]} 24. Qc3 {[%emt 0:02:24]} Bf4 {[%emt 0:01:56]} 25. Bf2 {[%emt 0:02:00]} Bd7 {[%emt 0:01:43]} 26. g3 {[%emt 0:12:19]} Bh6 {[%emt 0:00:09]} 27. Kg2 {[%emt 0:00:25]} b6 {[%emt 0:02:11]} 28. g4 {[%emt 0:03:25]} f5 {[%emt 0:05:26]} 29. Be3 {[%emt 0:01:04]} hxg4 {[%emt 0:03:06]} 30. hxg4 {[%emt 0:00:42]} f4 {[%emt 0:01:08]} 31. Bf2 {[%emt 0:01:51]} Bg5 {[%emt 0:00:01]} 32. Rh1 {[%emt 0:01:01]} Kg7 {[%emt 0:01:21]} 33. Qe1 {[%emt 0:05:12]} Qd8 {[%emt 0:01:23]} 34. Nf1 {[%emt 0:00:26]} Be7 {[%emt 0:01:24]} 35. Nd2 {[%emt 0:00:46]} Nf6 {[%emt 0:00:29]} 36. Qg1 {[%emt 0:01:29]} Qc7 {[%emt 0:00:48]} 37. Bh4 {[%emt 0:00:38]} Rh8 {[%emt 0:00:20]} 38. Qf2 {[%emt 0:01:01]} Ng8 {[%emt 0:00:55]} 39. Bxe7 {[%emt 0:00:48]} Nxe7 {[%emt 0:01:33]} 40. Rxh8 {[%emt 0:00:12]} Rxh8 {[%emt 0:00:00]} 41. Rh1 {[%emt 0:00:15]} Qd8 {[%emt 0:00:00]} 42. b3 {[%emt 0:01:01]} g5 {[%emt 0:00:00]} 43. Qg1 {[%emt 0:01:15]} Ng6 {[%emt 0:00:00]} 44. Rxh8 {[%emt 0:00:08]} Qxh8 {[%emt 0:00:00]} 45. Qh2 {[%emt 0:00:30]} Nh4+ {[%emt 0:00:00]} 46. Kg1 {[%emt 0:00:38]} a4 {[%emt 0:00:00]} 47. bxa4 {[%emt 0:00:26]} Qa8 {[%emt 0:00:00]} 48. Bd1 {[%emt 0:00:39]} Qa5 {[%emt 0:00:00]} 49. Qe2 {[%emt 0:00:36]} Qc3 {[%emt 0:03:44]} 50. Kf2 {[%emt 0:00:25]} Qd4+ {[%emt 0:00:04]} 51. Kf1 {[%emt 0:02:05]} Qc3 {[%emt 0:00:46]} 1/2-1/2